000 00695nam a22002297a 4500
005 20170124110016.0
010 _aA-952474
020 _c00.00
035 _aA-952474
037 _bCen Lib/Ret
040 _aDPL
_bEN
082 _a332.6
_bAVA
100 _aAvadhani, V. A.
_974518
245 _aInvestment and securities markets in India /
_cby V. A. Avadhani
250 _a4th rev. ed.
260 _aMumbai
_bHimalaya Publishing House
_c1998
270 _aRamdoot,Dr. Bhalerao Marg, Girgaon
_bNew Delhi
_e400004
300 _a484p.
_c22cm(Hb)
650 _aSecurities
_zIndia
_918807
650 _aSecurities--Government policy
_918808
942 _2ddc
_cEN
_h332.6
_mAVA
999 _c126903
_d126903